000 00523nam a2200193 i 4500
001 66415
003 ES-MaACL
005 20250731063029.0
007 t|
008 021113s2002 sp |||| | spa d
020 _a84-204-6542-9
080 _a821.134.2-31"19"
100 _aLindo, Elvira,
_d1962-
_9239487
245 1 0 _aAlgo más inesperado que la muerte /
_cElvira Lindo.
260 _aMadrid :
_bAlfaguara,
_c[2002]
300 _a314 p ;
_c23 cm.
852 _aES-MaACL
_jL-26920
999 _c66415
_d66415